[Event "VI  Miedzynarodowy Festiwal Szachowy   M"]
[Site "Lazy"]
[Date "2010.06.27"]
[Round "1.1"]
[White "Shishkin, Vadim"]
[Black "Kukula, Pawel"]
[Result "0-1"]
[WhiteElo "2513"]
[BlackElo "2261"]
[PlyCount "120"]
[EventDate "2010.??.??"]

1. d4 Nf6 2. c4 e6 3. Nc3 c5 4. d5 exd5 5. cxd5 Bd6 6. Bg5 O-O 7. e3 Re8 8. Bd3
Bf8 9. Nge2 d6 10. O-O a6 11. a4 Nbd7 12. e4 h6 13. Bf4 Ne5 14. Bc2 Ng6 15. Bd2
Bd7 16. a5 Bb5 17. Re1 Ne5 18. Nxb5 axb5 19. b4 Nc4 20. Ng3 cxb4 21. Bxb4 Nxa5
22. Nf5 g6 23. Nd4 Qb6 24. Rb1 Bg7 25. Bc3 Nxd5 26. Rxb5 Nxc3 27. Rxb6 Nxd1 28.
Rxd1 Rac8 29. Nb3 Rxc2 30. Nxa5 Bd4 31. Rxd6 Bxf2+ 32. Kh1 b6 33. Nb3 Rxe4 34.
g3 Ree2 35. Nc1 Re1+ 36. Rxe1 Bxe1 37. Nb3 Bf2 38. Rd3 Bc5 39. h4 Kg7 40. Nxc5
bxc5 41. Rd6 h5 42. Rc6 c4 43. Kg1 c3 44. Kf1 Kf8 45. Rc7 Ke8 46. Kg1 Kd8 47.
Rc4 Kd7 48. Kf1 Kd6 49. Ke1 Kd5 50. Rc7 Ke6 51. Rc5 Kd6 52. Rc8 Ke5 53. Rc7 f6
54. Rc6 Kf5 55. Kf1 g5 56. hxg5 fxg5 57. Rc4 Ke5 58. Rc5+ Kd4 59. Rc8 Rh2 60.
Kg1 Rd2 0-1

[Event "VI  Miedzynarodowy Festiwal Szachowy   M"]
[Site "Lazy"]
[Date "2010.06.27"]
[Round "1.2"]
[White "Kulon, Klaudia"]
[Black "Malisauskas, Vidmantas"]
[Result "0-1"]
[WhiteElo "2230"]
[BlackElo "2503"]
[PlyCount "62"]
[EventDate "2010.??.??"]

1. e4 c5 2. Nf3 d6 3. d4 cxd4 4. Nxd4 Nf6 5. Nc3 a6 6. Be3 e6 7. f4 Qc7 8. a4
b6 9. Bd3 Bb7 10. O-O Be7 11. Qe2 Nbd7 12. Rae1 O-O 13. g4 Nc5 14. Bf2 d5 15.
e5 Nfe4 16. Bxe4 Nxe4 17. Nxe4 dxe4 18. c3 Bd5 19. Qe3 f6 20. b3 fxe5 21. fxe5
Qxe5 22. Bg3 Rxf1+ 23. Rxf1 Qg5 24. Qxg5 Bxg5 25. c4 Bb7 26. Nxe6 Bd2 27. Be1
e3 28. Nd4 Rd8 29. Nc2 Be4 30. Bxd2 exd2 31. Ne3 Bc2 0-1

[Event "VI  Miedzynarodowy Festiwal Szachowy   M"]
[Site "Lazy"]
[Date "2010.06.27"]
[Round "1.3"]
[White "Sharapov, Evgeny"]
[Black "Karbowiak, Adam"]
[Result "1-0"]
[WhiteElo "2498"]
[BlackElo "2209"]
[PlyCount "121"]
[EventDate "2010.??.??"]

1. e4 e6 2. d4 d5 3. Nc3 Bb4 4. e5 Ne7 5. a3 Bxc3+ 6. bxc3 c5 7. Nf3 Bd7 8. a4
Nbc6 9. Be2 O-O 10. O-O Qc7 11. Ba3 c4 12. Re1 f5 13. exf6 Rxf6 14. Bxe7 Nxe7
15. Ne5 Raf8 16. Bg4 Ng6 17. f3 Nxe5 18. Rxe5 Qa5 19. Re3 Re8 20. Qb1 Qb6 21.
Qxb6 axb6 22. Rb1 Bxa4 23. Rxb6 Bc6 24. Rb1 Kf7 25. Ra1 Ke7 26. h4 Kd6 27. Re5
Bd7 28. Ra7 Bc6 29. Kf2 h6 30. Ke3 Re7 31. f4 Rf8 32. g3 Rb8 33. Kd2 Bb5 34.
Ra1 Bd7 35. Ra7 Bb5 36. Ra5 Bc6 37. Bh3 b6 38. Ra1 Ree8 39. Ra6 Bb5 40. Ra7 Bd7
41. f5 exf5 42. Bxf5 Bxf5 43. Rxf5 g6 44. Rff7 Re4 45. Rad7+ Kc6 46. Rc7+ Kd6
47. Rfd7+ Ke6 48. Re7+ Kf5 49. Rxe4 Kxe4 50. Rf7 g5 51. h5 b5 52. Rh7 b4 53.
Rxh6 b3 54. cxb3 cxb3 55. Kc1 Kf3 56. Rd6 Kxg3 57. Rxd5 Kf4 58. h6 g4 59. h7 g3
60. Rd7 g2 61. Rg7 1-0

[Event "VI  Miedzynarodowy Festiwal Szachowy   M"]
[Site "Lazy"]
[Date "2010.06.27"]
[Round "1.4"]
[White "Weichhold, Pawel"]
[Black "Socko, Monika"]
[Result "1-0"]
[WhiteElo "2190"]
[BlackElo "2485"]
[PlyCount "81"]
[EventDate "2010.??.??"]

1. e4 e6 2. d4 d5 3. Nc3 Bb4 4. e5 c5 5. a3 Bxc3+ 6. bxc3 Ne7 7. h4 Qc7 8. h5
h6 9. Nf3 b6 10. Bb5+ Bd7 11. Bd3 Ba4 12. Rh4 cxd4 13. cxd4 Qc3+ 14. Bd2 Qxd3
15. cxd3 Bxd1 16. Kxd1 Nbc6 17. Rh1 Kd7 18. Bc3 Rac8 19. Kd2 Rc7 20. Nh4 Rhc8
21. Rac1 Nd8 22. g4 Nb7 23. f4 Nc6 24. f5 Ke8 25. f6 gxf6 26. exf6 Nd6 27. Nf3
Kd7 28. a4 Rg8 29. Rhg1 Rcc8 30. Ke2 Rh8 31. Bd2 Ne8 32. Ne5+ Nxe5 33. dxe5 Nc7
34. d4 Na6 35. Rxc8 Kxc8 36. Bxh6 Rxh6 37. g5 Rxh5 38. g6 Rh2+ 39. Ke1 Nb4 40.
gxf7 Nd3+ 41. Kd1 1-0

[Event "VI  Miedzynarodowy Festiwal Szachowy   M"]
[Site "Lazy"]
[Date "2010.06.27"]
[Round "1.5"]
[White "Neiksans, Arturs"]
[Black "Sokolowski, Ryszard"]
[Result "1-0"]
[WhiteElo "2481"]
[BlackElo "2143"]
[PlyCount "115"]
[EventDate "2010.??.??"]

1. e4 c5 2. Nf3 e6 3. d4 cxd4 4. Nxd4 a6 5. Nc3 Qc7 6. Bd3 Nc6 7. Nxc6 dxc6 8.
f4 e5 9. f5 b5 10. a4 Rb8 11. axb5 axb5 12. Be3 h5 13. Qf3 Nf6 14. h3 h4 15.
O-O Be7 16. Ra7 Rb7 17. Rfa1 b4 18. Nb1 c5 19. Rxb7 Bxb7 20. Nd2 O-O 21. b3 Ra8
22. Rxa8+ Bxa8 23. Bf2 Nd7 24. Qh5 Nf6 25. Qe2 Qd8 26. Nf3 Nh5 27. Nxe5 Ng3 28.
Qe1 Bf6 29. Nf3 Bc3 30. Qe3 Qa5 31. Nxh4 Qa1+ 32. Kh2 Bd4 33. Qe1 Qxe1 34. Bxe1
Nxe4 35. Nf3 Be3 36. g4 Kf8 37. Bh4 f6 38. Be1 Ke7 39. Nh4 Ng5 40. Bg3 Kd7 41.
Bb5+ Kd8 42. Bd6 Bf2 43. Ng6 Nf3+ 44. Kg2 Be3 45. Kf1 Be4 46. Nf8 Bxc2 47. Ne6+
Kc8 48. Ke2 Nd4+ 49. Kxe3 Nxb5 50. Bxc5 Bxb3 51. Nxg7 Nc7 52. Nh5 Nd5+ 53. Kd4
Kd7 54. Bxb4 Nxb4 55. Kc3 Bd5 56. Kxb4 Ke7 57. Kc5 Bg2 58. Nf4 1-0

[Event "VI  Miedzynarodowy Festiwal Szachowy   M"]
[Site "Lazy"]
[Date "2010.06.27"]
[Round "1.6"]
[White "Mazalon, Mariusz"]
[Black "Starostits, Ilmars"]
[Result "0-1"]
[WhiteElo "2093"]
[BlackElo "2474"]
[PlyCount "28"]
[EventDate "2010.??.??"]

1. d4 d5 2. c4 dxc4 3. Nf3 c6 4. e3 Be6 5. a4 Nf6 6. Na3 Bd5 7. Nxc4 e6 8. Bd3
c5 9. O-O Nc6 10. dxc5 Bxf3 11. gxf3 Bxc5 12. b3 Qd5 13. Bb2 Rd8 14. Be2 Qg5+
0-1

[Event "VI  Miedzynarodowy Festiwal Szachowy   "]
[Site "Lazy"]
[Date "2010.06.27"]
[Round "1.7"]
[White "Samolins, Vitalijs"]
[Black "Kucypera, Malgorzata"]
[Result "1-0"]
[WhiteElo "2426"]
[BlackElo "2068"]
[PlyCount "81"]
[EventDate "2010.??.??"]

1. e4 c5 2. Nc3 Nc6 3. g3 g6 4. Bg2 Bg7 5. d3 e6 6. Be3 d6 7. f4 Nge7 8. Nf3
Nd4 9. O-O O-O 10. e5 dxe5 11. Nxe5 Rb8 12. Ne4 b6 13. c3 Ndf5 14. Bf2 Ba6 15.
Qa4 Bb7 16. g4 Nd6 17. Bh4 f6 18. Qd7 Qxd7 19. Nxd7 Nxe4 20. dxe4 Ba6 21. Rfe1
Rbd8 22. Nxf8 Kxf8 23. Red1 Rxd1+ 24. Rxd1 Bb5 25. Rd8+ Kf7 26. Ra8 e5 27. fxe5
g5 28. exf6 Bxf6 29. Bg3 Nc6 30. Bf1 Bxf1 31. Kxf1 Ke6 32. Rc8 Ne5 33. Re8+ Kd6
34. Ra8 a5 35. Re8 a4 36. c4 Bg7 37. Ke2 Bf6 38. Kd1 Bg7 39. Kc2 Bf6 40. a3 Bg7
41. b3 1-0

[Event "VI  Miedzynarodowy Festiwal Szachowy   M"]
[Site "Lazy"]
[Date "2010.06.27"]
[Round "1.8"]
[White "Korosciel, Aneta"]
[Black "Orzech, Dominik"]
[Result "0-1"]
[WhiteElo "2041"]
[BlackElo "2425"]
[PlyCount "48"]
[EventDate "2010.??.??"]

1. e4 c5 2. Nf3 Nf6 3. Nc3 Nc6 4. d4 d5 5. dxc5 d4 6. Nb5 e5 7. Bg5 Bxc5 8.
Bxf6 gxf6 9. a4 Qb6 10. Qc1 Rg8 11. Qh6 Ke7 12. Bc4 a6 13. Qxh7 Rf8 14. Na3
Qxb2 15. O-O Bxa3 16. Nh4 Ke8 17. Bd5 Nb4 18. Bb3 d3 19. f4 dxc2 20. Bxf7+ Rxf7
21. Qg8+ Rf8 22. Qg6+ Kd8 23. fxe5 Nd3 24. Qg3 Bc5+ 0-1

[Event "VI  Miedzynarodowy Festiwal Szachowy   M"]
[Site "Lazy"]
[Date "2010.06.27"]
[Round "1.9"]
[White "Skalik, Przemyslaw"]
[Black "Zakoscielna, Kinga"]
[Result "0-1"]
[WhiteElo "2390"]
[BlackElo "2040"]
[PlyCount "80"]
[EventDate "2010.??.??"]

1. Nf3 c5 2. c4 Nc6 3. d4 cxd4 4. Nxd4 g6 5. e4 Nf6 6. Nc3 Nxd4 7. Qxd4 d6 8.
Be2 Bg7 9. Bg5 O-O 10. Qd2 Be6 11. Rc1 Qa5 12. f3 Rfc8 13. b3 Kf8 14. g4 h5 15.
h3 Qc5 16. Be3 Qc6 17. Nb5 a6 18. Nd4 Qd7 19. g5 Ne8 20. h4 Nc7 21. f4 b5 22.
O-O Bh3 23. Rf2 e5 24. Nc2 bxc4 25. bxc4 Kg8 26. f5 gxf5 27. exf5 Bxf5 28. Bxh5
Be6 29. Nb4 a5 30. Nd3 Rf8 31. c5 Nd5 32. cxd6 Qa4 33. Nc5 Qxh4 34. Bf3 Qg3+
35. Bg2 Rad8 36. Re1 Nxe3 37. Rxe3 Qxg5 38. Ne4 Qh4 39. Rg3 Rb8 40. Bf1 f5 0-1

[Event "VI  Miedzynarodowy Festiwal Szachowy   M"]
[Site "Lazy"]
[Date "2010.06.27"]
[Round "1.10"]
[White "Sikorski, Dariusz"]
[Black "Kanarek, Marcel"]
[Result "0-1"]
[WhiteElo "2037"]
[BlackElo "2387"]
[PlyCount "70"]
[EventDate "2010.??.??"]

1. e4 c5 2. Nc3 Nc6 3. f4 g6 4. Nf3 Bg7 5. Bc4 e6 6. d3 Nge7 7. f5 O-O 8. Bg5
h6 9. f6 hxg5 10. fxg7 Kxg7 11. Nxg5 d5 12. exd5 exd5 13. Bb3 Nf5 14. Qd2 Re8+
15. Kf2 c4 16. dxc4 Qb6+ 17. Kf1 Ne3+ 18. Kg1 Nxc2+ 19. Qf2 Qxf2+ 20. Kxf2 Nxa1
21. Rxa1 dxc4 22. Bxc4 Ne5 23. Bd5 f6 24. Nge4 Be6 25. Bxb7 Rab8 26. Nc5 Bc8
27. Bd5 Rxb2+ 28. Kg1 Bf5 29. h3 Rc8 30. N3a4 Rb5 31. Ne6+ Kh6 32. g4 Rxd5 33.
gxf5 Nf3+ 34. Kg2 Nh4+ 35. Kg3 Rd3+ 0-1

[Event "VI  Miedzynarodowy Festiwal Szachowy   M"]
[Site "Lazy"]
[Date "2010.06.27"]
[Round "1.11"]
[White "Daskevics, Vadims"]
[Black "Kotlowski, Tomasz"]
[Result "1-0"]
[WhiteElo "2386"]
[BlackElo "2028"]
[PlyCount "49"]
[EventDate "2010.??.??"]

1. d4 g6 2. c4 Bg7 3. Nf3 d6 4. g3 c5 5. Bg2 Nc6 6. d5 Nd4 7. Nxd4 cxd4 8. O-O
Qc7 9. Na3 Bd7 10. Bf4 e5 11. dxe6 fxe6 12. Nb5 Bxb5 13. cxb5 e5 14. Bg5 h6 15.
Bd2 Nf6 16. Qb3 e4 17. Rac1 Qf7 18. Qxf7+ Kxf7 19. Rc7+ Kg8 20. Rxb7 Kh7 21.
Rc1 Rhc8 22. Rc6 Rcb8 23. Rxb8 Rxb8 24. a4 Rb6 25. Ba5 1-0

[Event "VI  Miedzynarodowy Festiwal Szachowy   M"]
[Site "Lazy"]
[Date "2010.06.27"]
[Round "1.12"]
[White "Kmiecik, Wojciech"]
[Black "Mickiewicz, Piotr"]
[Result "1/2-1/2"]
[WhiteElo "2026"]
[BlackElo "2322"]
[PlyCount "93"]
[EventDate "2010.??.??"]

1. e4 Nc6 2. d4 d5 3. exd5 Qxd5 4. Be3 e5 5. Nc3 Bb4 6. a3 Bxc3+ 7. bxc3 Nf6 8.
Nf3 Bg4 9. dxe5 Bxf3 10. Qxd5 Nxd5 11. gxf3 Nxe5 12. Bg2 O-O-O 13. Bd4 Nf4 14.
O-O-O f6 15. Bxe5 fxe5 16. Bf1 Rxd1+ 17. Kxd1 Rd8+ 18. Kc1 Kd7 19. Bd3 Ke7 20.
Be4 Kf6 21. h4 h5 22. Kb2 g5 23. hxg5+ Kxg5 24. Rg1+ Kf6 25. c4 c5 26. Kb3 b6
27. Ka4 h4 28. Kb5 h3 29. Ka6 Rd2 30. Kxa7 h2 31. Rh1 Rxf2 32. Kxb6 Ne2 33. a4
Ng3 34. Rd1 Rd2 35. Rxd2 h1=Q 36. Bc6 Nf5 37. a5 Qe1 38. a6 Qxd2 39. a7 Qd8+
40. Ka6 Nd6 41. a8=Q Qc7 42. Bd5 Kg5 43. Qg8+ Kf4 44. Qg4+ Ke3 45. Qg5+ Kf2 46.
Qd2+ Kg3 47. Qg5+ 1/2-1/2

[Event "VI  Miedzynarodowy Festiwal Szachowy   M"]
[Site "Lazy"]
[Date "2010.06.27"]
[Round "1.13"]
[White "Mulet, Piotr"]
[Black "Gluszko, Monika"]
[Result "1-0"]
[WhiteElo "2320"]
[BlackElo "2012"]
[PlyCount "55"]
[EventDate "2010.??.??"]

1. e4 c5 2. c3 d5 3. exd5 Qxd5 4. d4 Nf6 5. Nf3 e6 6. Bd3 Nc6 7. Na3 cxd4 8.
Nb5 Qd8 9. Nbxd4 Nxd4 10. Nxd4 Be7 11. O-O O-O 12. Re1 Qd5 13. Bf4 Nd7 14. b4
Bf6 15. Nb5 Qc6 16. Rc1 e5 17. Bg3 a6 18. Nd6 Be7 19. Nc4 f6 20. Qh5 g6 21.
Bxg6 hxg6 22. Qxg6+ Kh8 23. Re3 Nb8 24. Bf4 Qe8 25. Qh6+ Kg8 26. Nxe5 fxe5 27.
Rg3+ Kf7 28. Rg7# 1-0

[Event "VI  Miedzynarodowy Festiwal Szachowy   M"]
[Site "Lazy"]
[Date "2010.06.27"]
[Round "1.14"]
[White "Andrzejewska, Anna"]
[Black "Pacuszka, Tomasz"]
[Result "0-1"]
[WhiteElo "2006"]
[BlackElo "2295"]
[PlyCount "56"]
[EventDate "2010.??.??"]

1. e4 c5 2. Nf3 Nc6 3. d4 cxd4 4. Nxd4 g6 5. Nc3 Bg7 6. Be3 Nf6 7. Bc4 O-O 8.
O-O d6 9. h3 Bd7 10. Qd2 Rc8 11. Be2 a5 12. a4 Nb4 13. f4 Bc6 14. Nxc6 bxc6 15.
Rad1 Qc7 16. f5 Nd7 17. fxg6 hxg6 18. h4 Ne5 19. h5 Qd7 20. hxg6 fxg6 21. Rxf8+
Rxf8 22. Rf1 Rxf1+ 23. Bxf1 c5 24. b3 Kh7 25. Ne2 Qg4 26. Qd1 Qxe4 27. Bd2 Nxc2
28. Nf4 Bh6 0-1

[Event "VI  Miedzynarodowy Festiwal Szachowy   M"]
[Site "Lazy"]
[Date "2010.06.27"]
[Round "1.15"]
[White "Reshetnikov, Evgeny"]
[Black "Jurkowski, Marcin"]
[Result "1-0"]
[WhiteElo "2280"]
[BlackElo "1996"]
[PlyCount "67"]
[EventDate "2010.??.??"]

1. e4 c5 2. Nf3 d6 3. d4 cxd4 4. Nxd4 Nf6 5. Nc3 a6 6. a4 e5 7. Nb3 Be6 8. Be2
Be7 9. O-O O-O 10. Be3 Nc6 11. Bf3 Nb4 12. Qe2 d5 13. Nxd5 Nfxd5 14. exd5 Bxd5
15. Bxd5 Qxd5 16. Rfd1 Qc6 17. Na5 Qc7 18. Nc4 Bc5 19. Bg5 Rac8 20. Bf6 gxf6
21. Qg4+ Kh8 22. Qf5 Qc6 23. Nd6 Bxd6 24. Qxf6+ Kg8 25. Rxd6 Qe4 26. Qg5+ Kh8
27. Qf6+ Kg8 28. Rd3 Rfe8 29. Re3 Qxc2 30. Rg3+ Kf8 31. Qg7+ Ke7 32. Qxe5+ Kd7
33. Qd5+ Ke7 34. Re1+ 1-0

[Event "VI  Miedzynarodowy Festiwal Szachowy   M"]
[Site "Lazy"]
[Date "2010.06.28"]
[Round "2.1"]
[White "Malisauskas, Vidmantas"]
[Black "Daskevics, Vadims"]
[Result "1-0"]
[WhiteElo "2503"]
[BlackElo "2386"]
[PlyCount "67"]
[EventDate "2010.??.??"]

1. e4 c5 2. Nc3 Nc6 3. Bb5 Nd4 4. Bc4 g6 5. Nf3 Bg7 6. Nxd4 cxd4 7. Qf3 Nh6 8.
Ne2 O-O 9. h3 e6 10. g4 b5 11. Bb3 Bb7 12. d3 a5 13. a4 bxa4 14. Rxa4 Bc6 15.
Rc4 a4 16. Ba2 Qa5+ 17. Bd2 Qb6 18. Rb4 Qc5 19. Nxd4 Bxd4 20. Rxd4 Qxd4 21. Bc3
Nf5 22. Bxd4 Nxd4 23. Qf6 Nxc2+ 24. Kd2 Nb4 25. Bb1 d5 26. Rc1 dxe4 27. dxe4
Bb5 28. h4 Rfd8+ 29. Ke1 Rd7 30. h5 Rad8 31. h6 Kf8 32. f3 Rd2 33. Qh8+ Ke7 34.
Rc7+ 1-0

[Event "VI  Miedzynarodowy Festiwal Szachowy   M"]
[Site "Lazy"]
[Date "2010.06.28"]
[Round "2.2"]
[White "Pacuszka, Tomasz"]
[Black "Sharapov, Evgeny"]
[Result "0-1"]
[WhiteElo "2295"]
[BlackElo "2498"]
[PlyCount "60"]
[EventDate "2010.??.??"]

1. d4 Nf6 2. c4 c5 3. d5 b5 4. cxb5 a6 5. bxa6 g6 6. Nc3 Bxa6 7. g3 d6 8. Bg2
Bg7 9. Nf3 Nbd7 10. Rb1 O-O 11. O-O Nb6 12. b3 Ra7 13. Bb2 Qa8 14. Nh4 Rc8 15.
Qd2 c4 16. b4 Bb7 17. Rfd1 Na4 18. Nxa4 Rxa4 19. a3 c3 20. Bxc3 Ne4 21. Bxe4
Bxc3 22. Qe3 Rxa3 23. Rd3 Qa4 24. b5 Rc5 25. Bf3 Ra1 26. Rxa1 Qxa1+ 27. Kg2 Bf6
28. Kh3 Bc8+ 29. g4 h5 30. Ng2 Qg1 0-1

[Event "VI  Miedzynarodowy Festiwal Szachowy   M"]
[Site "Lazy"]
[Date "2010.06.28"]
[Round "2.3"]
[White "Kukula, Pawel"]
[Black "Neiksans, Arturs"]
[Result "0-1"]
[WhiteElo "2261"]
[BlackElo "2481"]
[PlyCount "88"]
[EventDate "2010.??.??"]

1. d4 Nf6 2. c4 e6 3. Nf3 b6 4. g3 Bb7 5. Bg2 Bb4+ 6. Nbd2 O-O 7. O-O Bxd2 8.
Bxd2 d6 9. b4 Nbd7 10. a4 e5 11. a5 exd4 12. Nxd4 Bxg2 13. Kxg2 Ne5 14. Qb3 Qd7
15. h3 Rfe8 16. Rfd1 c5 17. Nf3 Qc6 18. Bf4 cxb4 19. Bxe5 Rxe5 20. Qxb4 Rxe2
21. Rxd6 bxa5 22. Rxa5 Rxf2+ 23. Kxf2 Ne4+ 24. Kg2 Nxd6 25. Rd5 Nxc4 26. Rc5
Ne3+ 27. Kf2 Nd1+ 28. Ke2 Re8+ 29. Ne5 Qd6 30. Qc4 Rxe5+ 31. Rxe5 Qxe5+ 32.
Kxd1 g6 33. g4 a5 34. h4 h6 35. Qa4 Qd5+ 36. Ke2 Qg2+ 37. Ke3 Qg3+ 38. Ke2 Qxh4
39. Qe8+ Kg7 40. Qe5+ Kh7 41. Qf4 Qe7+ 42. Kf3 Kg7 43. Kg3 Qf6 44. Qc4 Qa1 0-1

[Event "VI  Miedzynarodowy Festiwal Szachowy   M"]
[Site "Lazy"]
[Date "2010.06.28"]
[Round "2.4"]
[White "Starostits, Ilmars"]
[Black "Mulet, Piotr"]
[Result "0-1"]
[WhiteElo "2474"]
[BlackElo "2320"]
[PlyCount "84"]
[EventDate "2010.??.??"]

1. e4 e6 2. d4 d5 3. Nc3 Bb4 4. e5 c5 5. a3 Bxc3+ 6. bxc3 Qa5 7. Bd2 Qa4 8. Qb1
c4 9. Nh3 Nc6 10. Nf4 Nge7 11. Nh5 Rg8 12. h4 Bd7 13. Bh6 gxh6 14. Nf6+ Kd8 15.
Qxb7 Bc8 16. Qxa8 Qxc2 17. Rh3 Rf8 18. Rd1 Kc7 19. g4 Rd8 20. h5 Bd7 21. Qxd8+
Kxd8 22. Rf3 Na5 23. Be2 Ba4 24. Kf1 Nb3 25. Re3 Nc1 26. Re1 Nd3 27. Rxd3 cxd3
28. Bd1 Qxc3 29. Bxa4 d2 30. Re2 Qc1+ 31. Kg2 d1=Q 32. Bxd1 Qxd1 33. Rb2 Qxd4
34. Rb8+ Kc7 35. Rf8 Qxe5 36. Rxf7 Kc6 37. Nxh7 d4 38. Rxe7 d3 39. Nf8 Qd5+ 40.
f3 d2 41. Rxe6+ Kb5 42. a4+ Kb4 0-1

[Event "VI  Miedzynarodowy Festiwal Szachowy   M"]
[Site "Lazy"]
[Date "2010.06.28"]
[Round "2.5"]
[White "Zakoscielna, Kinga"]
[Black "Samolins, Vitalijs"]
[Result "1-0"]
[WhiteElo "2040"]
[BlackElo "2426"]
[PlyCount "99"]
[EventDate "2010.??.??"]

1. e4 e5 2. Nf3 Nc6 3. Bb5 g6 4. d4 exd4 5. Bg5 f6 6. Bh4 h5 7. Bg3 a6 8. Bc4
f5 9. exf5 d5 10. Qe2+ Be7 11. Bd3 Bxf5 12. Bxf5 gxf5 13. Qe6 Qd7 14. Qg6+ Kf8
15. Bf4 Bb4+ 16. Nbd2 Re8+ 17. Kd1 Qh7 18. Nh4 Be7 19. Ndf3 Bxh4 20. Nxh4 Qf7
21. Qg3 Re6 22. Nf3 h4 23. Nxh4 Qh5+ 24. Nf3 Nf6 25. Qg5 Ne4 26. Qxh5 Nxf2+ 27.
Kc1 Rxh5 28. Rf1 Ng4 29. Bxc7 Re2 30. Rd1 Rxg2 31. Rd2 Rxd2 32. Kxd2 Ne3 33. b3
Ke7 34. h4 Kd7 35. Bf4 Nb4 36. Nxd4 Ng2 37. Bg3 Nxh4 38. Kc3 a5 39. a3 Nc6 40.
Nxc6 Ng2 41. Ne5+ Ke6 42. Nd3 Rh3 43. Bc7 f4 44. Rf1 f3 45. Kd4 Kf5 46. Bxa5
Rh4+ 47. Kc3 Ke4 48. Bb6 Rh6 49. Bf2 Ne3 50. Bxe3 1-0

[Event "VI  Miedzynarodowy Festiwal Szachowy   M"]
[Site "Lazy"]
[Date "2010.06.28"]
[Round "2.6"]
[White "Orzech, Dominik"]
[Black "Reshetnikov, Evgeny"]
[Result "1/2-1/2"]
[WhiteElo "2425"]
[BlackElo "2280"]
[PlyCount "63"]
[EventDate "2010.??.??"]

1. Nf3 Nf6 2. c4 e6 3. Nc3 d5 4. d4 Nbd7 5. Bg5 Bb4 6. cxd5 exd5 7. Qa4 c5 8.
dxc5 Bxc3+ 9. bxc3 O-O 10. Qd4 Re8 11. Nd2 h6 12. Bxf6 Nxf6 13. e3 Be6 14. Bd3
Qc7 15. O-O Rec8 16. Rab1 Rab8 17. Rb5 a6 18. Rb3 Nd7 19. c6 Qxc6 20. Rfb1 b5
21. Rc1 Nc5 22. Rb2 Na4 23. Rbc2 Rc7 24. Nb3 Rbc8 25. Qe5 Nc5 26. Be2 Nd7 27.
Qf4 Qb6 28. Nd4 Nc5 29. Qe5 Nd7 30. Qf4 Nc5 31. Qe5 Nd7 32. Qf4 1/2-1/2

[Event "VI  Miedzynarodowy Festiwal Szachowy   M"]
[Site "Lazy"]
[Date "2010.06.28"]
[Round "2.7"]
[White "Kanarek, Marcel"]
[Black "Weichhold, Pawel"]
[Result "0-1"]
[WhiteElo "2387"]
[BlackElo "2190"]
[PlyCount "134"]
[EventDate "2010.??.??"]

1. e4 c5 2. Nf3 g6 3. d4 Bg7 4. Nc3 Qa5 5. Be3 Nf6 6. Qd2 cxd4 7. Nxd4 Nc6 8.
f3 O-O 9. O-O-O d6 10. Kb1 Nxd4 11. Bxd4 e5 12. Be3 Be6 13. a3 Rfc8 14. Nb5
Qxd2 15. Rxd2 d5 16. Nxa7 Rd8 17. Bb6 Rd6 18. Bc7 Rd7 19. Nb5 Rc8 20. Bxe5 Nxe4
21. fxe4 Bxe5 22. exd5 Bxd5 23. Bd3 Bc4 24. Rdd1 Bd5 25. Rde1 f6 26. Re2 Kg7
27. h3 h5 28. Rhe1 Kh6 29. Rf1 h4 30. Rfe1 Kg5 31. Rf1 Rc5 32. a4 Rc8 33. Na3
Rd6 34. Bb5 Be6 35. c3 Bb3 36. Nc2 Rcd8 37. Ree1 Rd2 38. Ne3 Bf4 39. Nc4 Rxg2
40. Rg1 Rxg1 41. Rxg1+ Bg3 42. Na5 Bd5 43. b4 f5 44. c4 Be4+ 45. Kc1 Kf6 46. c5
Rd4 47. Kb2 Bf2 48. Rf1 Rxb4+ 49. Kc3 Bxc5 50. Nb3 Be7 51. Nd2 Bg2 52. Rf2 Bxh3
53. Rh2 Bg4 54. Rxh4 Rf4 55. Rh8 Bd1 56. Nc4 g5 57. Rh6+ Kg7 58. Rb6 Bf3 59.
Kd3 g4 60. Ne5 Bc5 61. Rg6+ Kh7 62. Bc4 Be2+ 63. Kxe2 Re4+ 64. Kf1 Rxc4 65. Rf6
Rf4+ 66. Kg2 Bd4 67. Nd3 Rf3 0-1

[Event "VI  Miedzynarodowy Festiwal Szachowy   M"]
[Site "Lazy"]
[Date "2010.06.28"]
[Round "2.8"]
[White "Mickiewicz, Piotr"]
[Black "Shishkin, Vadim"]
[Result "1/2-1/2"]
[WhiteElo "2322"]
[BlackElo "2513"]
[PlyCount "132"]
[EventDate "2010.??.??"]

1. e4 c5 2. Nf3 Nc6 3. d4 cxd4 4. Nxd4 Nf6 5. Nc3 d6 6. Bg5 e6 7. Qd2 a6 8.
O-O-O Bd7 9. f4 b5 10. Bxf6 gxf6 11. Kb1 Qb6 12. Nxc6 Bxc6 13. f5 Qc5 14. Bd3
O-O-O 15. Rhf1 Be7 16. Ne2 Kb8 17. fxe6 fxe6 18. Nf4 Bd7 19. g3 Rc8 20. Rf3 d5
21. Bf1 d4 22. c3 Bc6 23. Nxe6 Qe5 24. Nxd4 Bxe4+ 25. Bd3 Bxf3 26. Nxf3 Qc7 27.
Re1 Bc5 28. Re6 Bb6 29. Qe2 Rcd8 30. Qe4 Rd6 31. Re7 Rd7 32. Re6 Rhd8 33. Be2
Rd6 34. Re7 R6d7 35. Re6 Rd6 36. Re7 Qc6 37. Qxh7 Re6 38. Rxe6 Qxe6 39. Qc2 Qe3
40. a3 Re8 41. Bd1 Qe4 42. Qxe4 Rxe4 43. Kc2 Kc7 44. Kd2 Kd6 45. Bc2 Be3+ 46.
Kd1 Re8 47. a4 Kc5 48. axb5 axb5 49. Bd3 Bf2 50. Nd2 Re1+ 51. Kc2 Kb6 52. Ne4
Rh1 53. h4 Rg1 54. Nxf6 Bxg3 55. h5 Rh1 56. Bg6 Bh4 57. Ne4 Be7 58. Kd3 Bf8 59.
Kd4 b4 60. cxb4 Bxb4 61. Ke5 Bf8 62. Kf6 Bh6 63. Bf7 Be3 64. b3 Kb5 65. Nd6+
Kb4 66. Nf5 Bd2 1/2-1/2

[Event "VI  Miedzynarodowy Festiwal Szachowy   M"]
[Site "Lazy"]
[Date "2010.06.28"]
[Round "2.9"]
[White "Socko, Monika"]
[Black "Kmiecik, Wojciech"]
[Result "1-0"]
[WhiteElo "2485"]
[BlackElo "2026"]
[PlyCount "85"]
[EventDate "2010.??.??"]

1. d4 e6 2. c4 Nf6 3. Nc3 Bb4 4. e3 c5 5. Nge2 O-O 6. a3 Bxc3+ 7. Nxc3 cxd4 8.
exd4 h6 9. Be2 d6 10. O-O Nc6 11. Be3 b6 12. b4 Bb7 13. Bf3 Qe7 14. Re1 Rfe8
15. Bf4 Qd7 16. Nb5 d5 17. Nd6 Re7 18. b5 Na5 19. c5 Qd8 20. Rc1 Ne8 21. Nxe8
Rxe8 22. a4 Rc8 23. c6 Ba8 24. Rc3 a6 25. Bh5 Nc4 26. Rg3 Qf6 27. Be5 Nxe5 28.
Rxe5 Rf8 29. Qd2 Kh8 30. Bd1 Rc7 31. Rf3 Qe7 32. Rh5 f5 33. Rxh6+ Kg8 34. Rg6
Rf6 35. Rxf6 Qxf6 36. Re3 axb5 37. axb5 Ra7 38. h3 Ra5 39. Qc3 Rxb5 40. c7 Bb7
41. c8=Q+ Bxc8 42. Qxc8+ Kh7 43. Rxe6 1-0

[Event "VI  Miedzynarodowy Festiwal Szachowy   M"]
[Site "Lazy"]
[Date "2010.06.28"]
[Round "2.10"]
[White "Kotlowski, Tomasz"]
[Black "Skalik, Przemyslaw"]
[Result "1-0"]
[WhiteElo "2028"]
[BlackElo "2390"]
[PlyCount "77"]
[EventDate "2010.??.??"]

1. e4 c6 2. d4 d5 3. f3 e6 4. c4 dxe4 5. Nc3 Bb4 6. a3 Bxc3+ 7. bxc3 Qa5 8. Qc2
c5 9. Bd2 e3 10. Bxe3 cxd4 11. Bxd4 e5 12. Bf2 Nc6 13. Bd3 Nf6 14. Ne2 Be6 15.
O-O Qc7 16. Rab1 Na5 17. Qa4+ Nd7 18. Ng3 O-O 19. Qb5 b6 20. Rfd1 Rfd8 21. Nf5
Bxc4 22. Bxc4 Qxc4 23. Bh4 Qxb5 24. Rxb5 Nf6 25. Rxd8+ Rxd8 26. Rxe5 Kf8 27.
Bxf6 gxf6 28. Re4 Rd5 29. g4 Nc6 30. f4 Rc5 31. c4 Ra5 32. Re3 Rc5 33. Re4 Ra5
34. Re3 Ra4 35. Nd6 Nd4 36. Re8+ Kg7 37. Rd8 f5 38. Ne8+ Kf8 39. Nc7+ 1-0

[Event "VI  Miedzynarodowy Festiwal Szachowy   M"]
[Site "Lazy"]
[Date "2010.06.28"]
[Round "2.11"]
[White "Gluszko, Monika"]
[Black "Kulon, Klaudia"]
[Result "0-1"]
[WhiteElo "2012"]
[BlackElo "2230"]
[PlyCount "72"]
[EventDate "2010.??.??"]

1. e4 c5 2. Nf3 d6 3. d4 cxd4 4. Nxd4 Nf6 5. Nc3 e6 6. g4 h6 7. Rg1 a6 8. h4
Nfd7 9. g5 hxg5 10. hxg5 g6 11. f4 Qb6 12. Be3 Qxb2 13. Nce2 Nc5 14. Bg2 Qb4+
15. c3 Qc4 16. Qd2 e5 17. Nc2 Bg4 18. Bxc5 Qxc5 19. Ne3 Bxe2 20. Kxe2 Nc6 21.
Nd5 O-O-O 22. Rab1 Kb8 23. Qb2 Na5 24. Rgd1 exf4 25. Rd4 Rh2 26. Kf3 Bg7 27.
Ra4 Rd7 28. Qe2 Ka7 29. Qf1 Rh5 30. Bh3 Rd8 31. Qg2 Rdh8 32. Bg4 Rxg5 33. Qb2
Rxd5 34. Rxa5 Qe3+ 35. Kg2 Qg3+ 36. Kf1 Rh1+ 0-1